000 00680nam a2200181 a 4500
001 1760568
003 AM-YEHGA
005 20251006115119.0
008 210311s1895 ru |||||r|||||||0|||rus|d
040 _aAM-YEHGA
041 0 _arus
100 1 _aДельвиг, Антон Антонович,
_d1798-1831
245 1 0 _aСочинения барона А.А. Дельвига /
_cС прил. биогр. очерка, сост. Вал.В. Майковым.
260 _aСанкт-Петербург :
_bИзд. Я. Соколов,
_c1895.
300 _aXX, 171, V с. ;
_c20 см.
650 1 4 _aРусская литература
_xПоэзия
_y19 век
942 _2udc
_cBK
999 _c535843
_d535843